Catalogue général du Musée copte du Caire
المؤلف الرئيسي:
مؤلفون آخرون:
التنسيق: كتاب
اللغة: Undetermined
منشور في:
Cairo
Institut français d'archéologie orientale
2001
سلاسل:
MIFAO 155
الموضوعات:
الوسوم: إضافة وسم
رقم الطلب: (F)DT57 .C185 v.155
| LEADER | 00913nam a22002417a 4500 | ||
|---|---|---|---|
| 005 | 20260427122722.0 | ||
| 008 | 260427t2025||||xx a |||||||||| ||und|| | ||
| 020 | |a 9782724710540 | ||
| 050 | 1 | 4 | |a (F)DT57 |b .C185 v.155 |
| 100 | 0 | |a Dominique Bénazeth | |
| 245 | 1 | 0 | |a Catalogue général du Musée copte du Caire |c Dominique Bénazeth |
| 264 | 1 | |a Cairo |b Institut français d'archéologie orientale |c 2001 | |
| 300 | |a volumes |b color illustrations |c 28-36 cm | ||
| 490 | 0 | |a MIFAO 155 | |
| 500 | |a At head of title: Conseil suprême des antiquités, Musée copte [v. 1]; Ministère des Antiquités - Musée copte [v. 2]. | ||
| 500 | |a Includes bibliographical references and indexes. | ||
| 650 | 4 | |a Christian antiquities | |
| 650 | 4 | |a Coptic art | |
| 650 | 4 | |a Coptic art -- Catalogs. | |
| 650 | 4 | |a Matḥaf al-Qibṭī (Cairo, Egypt) -- Catalo`gs | |
| 700 | 0 | |a Auber de Lapierre, Julien | |
| 942 | |2 lcc | ||
| 999 | |c 61890 |d 61890 | ||
